[Event "Moscow Gov Cup A Rapid KO"]
[Site "Moscow RUS"]
[Date "2013.02.23"]
[Round "1.2"]
[White "Shaydullina,S"]
[Black "Dragomarezkij,E"]
[Result "0-1"]
[WhiteElo "2164"]
[BlackElo "2363"]

1.d4 d5 2.Nf3 Nf6 3.c4 dxc4 4.e3 e6 5.Bxc4 c5 6.O-O cxd4 7.exd4 Be7 8.Nc3 O-O
9.Bg5 Nbd7 10.Re1 Nb6 11.Bb3 Bd7 12.Ne5 Bc6 13.Rc1 Rc8 14.Nxc6 bxc6 15.Bc2 Nbd5
16.Bb1 Re8 17.Qd3 g6 18.Qh3 Nd7 19.Bxe7 Qxe7 20.Ne4 N7f6 21.Nc5 Red8 22.a3 Rc7
23.b4 Qd6 24.Nd3 Ne7 25.Rc4 Nf5 26.Qf3 Kg7 27.Nc5 Nxd4 28.Qc3 Nb5 29.Qa1 Qd2
30.Kf1 Qd6 31.Ne4 Qe7 32.a4 Nd6 33.Nxf6 Qxf6 34.Qxf6+ Kxf6 35.Rd4 Nb7 36.Rc4 Ke7
37.a5 Nd6 38.Rc5 Nb5 39.Be4 Rd6 40.Rec1 Kd7 41.a6 f5 42.Bf3 Nd4 43.Bd1 Rd5
44.Ba4 Rxc5 45.Rxc5 Kd6 46.f4 h6 47.g3 g5 48.Kf2 g4 49.Ke3 Nb5 50.Kd3 h5
51.Bxb5 cxb5 52.Rxb5 Rc6 53.Rb7 Rxa6 54.Rh7 Ra2 55.Rxh5 Kd5 56.Rh7 Ra3+ 57.Kc2 Kc4
58.Kb2 Rb3+ 59.Ka2 Rxb4 60.Rxa7 Kd5 61.Ra5+ Kd6 62.Ra6+ Ke7 63.Ra7+ Kd6 64.Rh7 Kd5
65.Rd7+ Ke4 66.Rd6 Rc4 67.Rxe6+ Kf3 68.Rf6 Rc2+ 69.Kb3 Rxh2 70.Rxf5 Kxg3
71.Rf8 Kf3 72.f5 g3 73.Rg8 Rh6 74.Kc4 Rf6 75.Rg5 Kf4 76.Rg8 Rxf5 77.Kd3 Kf3
78.Kd2 Kf2 79.Kd1 g2 80.Rg5  0-1

[Event "TCh-CZE Div1 Zapad 2012-13"]
[Site "Czech Republic CZE"]
[Date "2013.02.24"]
[Round "8.4"]
[White "Studnicka,Toma"]
[Black "Vaculik,M"]
[Result "1/2-1/2"]
[WhiteElo "2388"]
[BlackElo "2277"]

1.Nf3 d5 2.d4 Nf6 3.c4 dxc4 4.e3 e6 5.Bxc4 c5 6.O-O a6 7.Qe2 Nc6 8.Rd1 Qc7
9.Nc3 b5 10.Bb3 Be7 11.d5 exd5 12.Nxd5 Nxd5 13.Bxd5 O-O 14.e4 Bg4 15.Be3 Rad8
16.h3 Bxf3 17.Qxf3 Nb4 18.Rac1 c4 19.a4 Nxd5 20.exd5 Qe5 21.axb5 axb5 22.Bb6 Rd7
23.b3 Rb8 24.Bd4 Qg5 25.bxc4 bxc4 26.Be3 Qf6 27.Qg4 Rbd8 28.Qxc4 h5 29.Rd4 Qf5
30.Rcd1 Bd6 31.R4d3 Rb7 32.Qh4 Qxd3 33.Qxd8+ Kh7 34.Rc1 Qxd5 35.Bf4 Rc7 36.Rf1 Rc6
37.Qd7 Qe4 38.Bxd6 Qd5 39.g3 Rxd6 40.Qe8 Qf3 41.h4 Rd2  1/2-1/2

[Event "20th Bunratty Classic"]
[Site "Bunratty IRL"]
[Date "2013.02.28"]
[Round "3.1"]
[White "Rombaldoni,D"]
[Black "Burns-Mannion,S"]
[Result "1-0"]
[WhiteElo "2510"]
[BlackElo "2376"]

1.d4 d5 2.c4 dxc4 3.Nf3 Nf6 4.e3 e6 5.Bxc4 c5 6.O-O a6 7.Bb3 b5 8.a4 b4 9.e4 Bb7
10.e5 Ne4 11.Nbd2 Nxd2 12.Bxd2 cxd4 13.Ng5 Bd5 14.Qh5 g6 15.Qh3 Nc6 16.Rac1 Be7
17.Rxc6 Bxb3 18.Nxf7 Kxf7 19.Qf3+ Kg7 20.Qxb3 Qd7 21.Rxe6 Rhf8 22.Bh6+ Kxh6
23.Qh3+ Kg7 24.Rxg6+ hxg6 25.Qxd7 Rfe8 26.Qxd4 Red8 27.Qe4 Ra7 28.h4 Rad7
29.Rc1 Rd4 30.Qb7 R8d7 31.Rc7 Rxc7 32.Qxc7 Kf7 33.g3  1-0

[Event "20th Bunratty Classic"]
[Site "Bunratty IRL"]
[Date "2013.03.01"]
[Round "4.5"]
[White "Collins,S IRL"]
[Black "Burns-Mannion,S"]
[Result "1-0"]
[WhiteElo "2482"]
[BlackElo "2376"]

1.d4 d5 2.c4 dxc4 3.Nf3 Nf6 4.e3 e6 5.Bxc4 c5 6.O-O a6 7.dxc5 Qxd1 8.Rxd1 Bxc5
9.Nfd2 O-O 10.Nb3 Ba7 11.Be2 Nc6 12.N1d2 Rd8 13.Nc4 Rxd1+ 14.Bxd1 Bd7 15.Bd2 Ne4
16.Be1 b5 17.Nca5 Ne5 18.Be2 Rc8 19.Kf1 f5 20.Rd1 Rc7 21.f3 Ng5 22.f4 Nc4
23.Nxc4 bxc4 24.Ba5 Rb7 25.Bxc4 Nf7 26.Bxa6 Bb5+ 27.Bxb5 Rxb5 28.Ke2 e5 29.Bc3 exf4
30.exf4 Rb7 31.Kf3 g5 32.h3 h5 33.Rd5 Re7 34.Bd4 Bb8 35.g3 g4+ 36.hxg4 hxg4+
37.Kg2 Re2+ 38.Kf1 Rh2 39.Rxf5 Nd6 40.Rd5 Kf7 41.Be5 Nc4 42.Bxb8 Ne3+ 43.Kg1 Rg2+
44.Kh1 Rxb2 45.Rd3 Rb1+ 46.Kh2 Rb2+ 47.Kg1 Rg2+ 48.Kh1 Rxg3 49.Ba7 Nf5 50.Rxg3 Nxg3+
51.Kg2 Ne2 52.Be3 Nc3 53.a3 Ke6 54.Bd2 Kd5  1-0

[Event "20th Bunratty Classic"]
[Site "Bunratty IRL"]
[Date "2013.03.02"]
[Round "6.4"]
[White "Pert,N"]
[Black "Burns-Mannion,S"]
[Result "1-0"]
[WhiteElo "2539"]
[BlackElo "2376"]

1.d4 d5 2.Nf3 Nf6 3.c4 dxc4 4.e3 e6 5.Bxc4 c5 6.O-O a6 7.Bb3 b5 8.a4 b4 9.Nbd2 Bb7
10.e4 Be7 11.e5 Nfd7 12.Nc4 O-O 13.Be3 Nc6 14.Rc1 cxd4 15.Nxd4 Ncxe5 16.Nxe5 Nxe5
17.f4 Ng6 18.f5 exf5 19.Nxf5 Bg5 20.Qxd8 Bxe3+ 21.Nxe3 Raxd8 22.Rc7 Be4 23.Bxf7+ Kh8
24.Bc4 a5 25.Rxf8+ Rxf8 26.Rc5 Ra8 27.Bf1 Nf4 28.Nc4 Nd3 29.Bxd3 Bxd3 30.Rxa5 Rf8
31.Ne3 Kg8 32.Rd5 Be2 33.b3 Rf4 34.h3 h6 35.a5 Rf6 36.Rd2 Bb5 37.Rd8+ Kh7
38.Rb8 Bd7 39.Rxb4 Ra6 40.Rb7 Bc8 41.Rc7  1-0

[Event "20th Bunratty Classic"]
[Site "Bunratty IRL"]
[Date "2013.03.03"]
[Round "8.3"]
[White "Daly,C"]
[Black "Burns-Mannion,S"]
[Result "0-1"]
[WhiteElo "2340"]
[BlackElo "2376"]

1.d4 d5 2.c4 dxc4 3.Nf3 Nf6 4.e3 e6 5.Bxc4 c5 6.O-O a6 7.Bd3 Nc6 8.a3 cxd4
9.exd4 Be7 10.Nc3 O-O 11.Bg5 b5 12.Rc1 Bb7 13.Re1 Rc8 14.Bb1 Na5 15.Ne5 Nc4
16.Qc2 g6 17.Rcd1 Nd5 18.Bxe7 Qxe7 19.Nxc4 Rxc4 20.Ba2 Nxc3 21.bxc3 Qg5 22.f4 Rxc3
23.Qd2 Qxg2+ 24.Qxg2 Bxg2 25.Kxg2 Rc2+ 26.Kg3 Rxa2 27.Re3 Rc8 28.d5 exd5
29.Rxd5 Rcc2 30.h3 Rg2+ 31.Kf3 Raf2+ 32.Ke4 Re2 33.Rd3 Rxe3+ 34.Rxe3 Rc2
35.Kd5 Rc4 36.Rf3 Kg7 37.f5 g5 38.Ke5 f6+ 39.Ke6 Re4+ 40.Kd5 Rf4 41.Rc3 Rxf5+
42.Ke6 Re5+ 43.Kd6 Re4  0-1

[Event "TCh-FIN SM 2012-13"]
[Site "Helsinki FIN"]
[Date "2013.03.09"]
[Round "13.4"]
[White "Koskinen,Hen"]
[Black "Rantanen,Y"]
[Result "0-1"]
[WhiteElo "2257"]
[BlackElo "2355"]

1.d4 d5 2.c4 dxc4 3.e3 e6 4.Bxc4 Nf6 5.Nf3 c5 6.O-O a6 7.dxc5 Bxc5 8.Qxd8+ Kxd8
9.Ne5 Ke7 10.Be2 Nbd7 11.Nc4 Nb6 12.Na5 Rb8 13.a3 e5 14.Nc3 Be6 15.b4 Bd6
16.Bb2 Rhc8 17.Rac1 Rc7 18.Bd3 Rbc8 19.Nxb7 Rxb7 20.Bxa6 Rcb8 21.Bxb7 Rxb7
22.Ba1 Nc4 23.Nb1 Ra7 24.Rfd1 Nxa3 25.Nxa3 Rxa3 26.b5 Nd7 27.Rc6 Bb8 28.Rc3 Ra5
29.Bb2 Rxb5 30.Ba3+ Kf6 31.Rc6 Nb6 32.h3 Nc4 33.Bc1 e4 34.Rd4 Ne5 35.Rc2 Nd3  0-1

[Event "UTD Turner GM Invitational 2013"]
[Site "Richardson USA"]
[Date "2013.03.09"]
[Round "1"]
[White "Holt,C"]
[Black "Feinstein,M"]
[Result "1-0"]
[WhiteElo "2504"]
[BlackElo "2229"]

1.d4 d5 2.c4 dxc4 3.e3 Nf6 4.Bxc4 e6 5.Nf3 c5 6.O-O a6 7.Bd3 Nc6 8.Nc3 cxd4
9.exd4 Be7 10.Bg5 O-O 11.Rc1 Nb4 12.Bxf6 Bxf6 13.Be4 Nd5 14.Qb3 b5 15.Nxd5 exd5
16.Bxd5 Ra7 17.Ne5 Qb6 18.Nxf7 Bd7 19.Ne5+ Kh8 20.Qb4 Rb8 21.Nf7+  1-0

[Event "30th Ciocaltea Mem 2013"]
[Site "Bucharest ROU"]
[Date "2013.03.18"]
[Round "4.6"]
[White "Ionescu,Co"]
[Black "Tarlev,K"]
[Result "0-1"]
[WhiteElo "2441"]
[BlackElo "2540"]

1.d4 d5 2.Nf3 Nf6 3.c4 dxc4 4.e3 e6 5.Bxc4 c5 6.O-O a6 7.dxc5 Bxc5 8.Qxd8+ Kxd8
9.a3 Ke7 10.b4 Bd6 11.Bb2 b5 12.Be2 Bb7 13.Nbd2 Nbd7 14.Nb3 Rac8 15.Rac1 Nb6
16.Na5 Bd5 17.Ne5 Na4 18.Bd4 Bxe5 19.Bxe5 Ne4 20.Bxg7 Nec3 21.Bxc3 Nxc3 22.Bd1 Rhd8
23.f3 e5 24.e4 Be6 25.Nb7 Rd2 26.Nc5 Rg8 27.g4 Bc4 28.Re1 Na2 29.Rc2 Rgd8
30.Rxd2 Rxd2 31.Bb3 Nc3 32.Kh1 Ne2 33.Rd1 Rb2 34.Rd7+ Ke8 35.Bxc4 bxc4 36.Rc7 Kd8
37.Rxf7 c3 38.Nb7+ Kc8 39.Nd6+ Kb8 40.Rxh7 c2 41.Rb7+ Ka8 42.Rc7 c1=Q+ 43.Rxc1 Nxc1
44.Nc4 Rb1 45.Kg2 Nd3 46.g5 Nf4+ 47.Kf2 Nh3+ 48.Kg3 Nxg5 49.Nxe5 Rg1+ 50.Kf4 Ne6+
51.Kf5 Nd4+ 52.Kf4 Kb7 53.h4 Kc7 54.h5 Ne6+ 55.Ke3 Rh1  0-1

[Event "AICF KIIT Cup 2013"]
[Site "Bhubaneswar IND"]
[Date "2013.03.19"]
[Round "3"]
[White "Karavade,E"]
[Black "Danielian,E"]
[Result "1/2-1/2"]
[WhiteElo "2387"]
[BlackElo "2466"]

1.d4 d5 2.c4 dxc4 3.Nf3 Nf6 4.e3 e6 5.Bxc4 c5 6.O-O a6 7.Bb3 b5 8.a4 b4 9.e4 Bb7
10.e5 Ne4 11.Nbd2 Nxd2 12.Bxd2 cxd4 13.Bg5 Be7 14.Bxe7 Qxe7 15.Nxd4 Nd7 16.Qg4 Nc5
17.Bc2 O-O 18.f4 Ne4 19.Bxe4 Bxe4 20.Rae1 Qb7 21.f5 exf5 22.Nxf5 Bxf5 23.Qxf5 Rae8
24.Qe4 Qb6+ 25.Kh1 Re6 26.Rf4 a5 27.h3 h6 28.Qc4 Qc6 29.Qxc6 Rxc6 30.Rd4 Rc5
31.e6 fxe6 32.Rxe6 Rf2 33.Rg6 Kh7 34.Rdg4 Rf7 35.Ra6 h5 36.Rg3 Rf6 37.Ra7 Rg6
38.Rxg6 Kxg6 39.Kg1 Kf6 40.Kf2 g6 41.h4 Kf5 42.Kf3 Rd5 43.Ra6 Rd3+ 44.Ke2 Rb3
45.Rxa5+ Ke4 46.Rg5 Rxb2+ 47.Kd1 Ra2 48.Rxg6 Kd3 49.Kc1 b3 50.a5 Rxa5 51.Kb2 Kc4
52.Rc6+ Kd5 53.Rb6 Ra2+ 54.Kxb3 Rxg2 55.Rb5+ Ke6 56.Rxh5 Kf6  1/2-1/2

[Event "TCh-CZE Extraliga 2012-13"]
[Site "Czech Republic CZE"]
[Date "2013.03.23"]
[Round "7.5"]
[White "Orsag,Mil1"]
[Black "Rausis,I"]
[Result "0-1"]
[WhiteElo "2393"]
[BlackElo "2512"]

1.d4 d5 2.Nf3 Nf6 3.c4 dxc4 4.e3 c5 5.Bxc4 e6 6.O-O Nc6 7.Nc3 Be7 8.Qe2 cxd4
9.Rd1 O-O 10.exd4 Na5 11.Bd3 b6 12.Bg5 Bb7 13.Rac1 h6 14.Bh4 Nd5 15.Qe4 g6
16.Bxe7 Qxe7 17.Qg4 Rac8 18.Ne5 Nxc3 19.bxc3 Qg5 20.Qh3 Nc6 21.Be4 Nxd4 22.Bxb7 Ne2+
23.Kh1 Nxc1 24.Bxc8 Qxe5 25.Bxe6 Qxe6 26.Rxc1 Qxa2 27.Kg1 Qd2 28.Rb1 Re8
29.Kf1 Qe2+  0-1

[Event "Norwegian Open 2013"]
[Site "Fagernes NOR"]
[Date "2013.03.24"]
[Round "3"]
[White "Haugli,P"]
[Black "Moradi,K"]
[Result "1-0"]
[WhiteElo "2293"]
[BlackElo "1935"]

1.d4 d5 2.c4 dxc4 3.Nf3 Nf6 4.e3 e6 5.Bxc4 c5 6.O-O a6 7.e4 cxd4 8.e5 Nfd7
9.Qxd4 Nc6 10.Qe4 Qc7 11.Bf4 Nc5 12.Qe3 Be7 13.Nbd2 O-O 14.Rac1 b6 15.a3 a5
16.Bb5 Ba6 17.Bxa6 Rxa6 18.Rc4 a4 19.Ne4 Rd8 20.Nxc5 Bxc5 21.Qe4 Na5 22.Rxa4 b5
23.Qe2 Qb6 24.Re4 Nc4 25.a4 Rxa4 26.b3 Ra3 27.bxc4 b4 28.Be3 b3 29.Qb2 Rb8
30.Qxa3 Bxa3 31.Bxb6 Rxb6 32.Nd2  1-0

[Event "Norwegian Open 2013"]
[Site "Fagernes NOR"]
[Date "2013.03.24"]
[Round "8"]
[White "Hammer,J"]
[Black "Arvola,B"]
[Result "1-0"]
[WhiteElo "2629"]
[BlackElo "2355"]

1.d4 d5 2.c4 dxc4 3.e3 Nf6 4.Bxc4 e6 5.Nf3 c5 6.O-O Nc6 7.Qe2 cxd4 8.Rd1 d3
9.Bxd3 Qc7 10.b3 Bd6 11.Nc3 a6 12.Ne4 Be7 13.Bb2 Bd7 14.Rac1 Qa5 15.Bb1 Nxe4
16.Bxe4 Bf6 17.Bxf6 gxf6 18.Qb2 e5 19.Nd2 Be6 20.Bxc6+ bxc6 21.Ne4 Ke7 22.b4 Rab8
23.a3 Rhd8 24.Qc2 Qb5 25.Nc5 Qc4 26.Qxc4 Bxc4 27.Rxd8 Rxd8 28.f3 Be2 29.Rc2 Rd1+
30.Kf2 Bd3 31.Rc3 Bf1 32.g4 Ra1 33.a4 Bh3 34.Kg3 Bf1 35.Kf2 Bh3 36.Kg3 Bf1
37.Rc2 e4 38.Nxe4 Bd3 39.Rxc6 Bxe4 40.fxe4 Rxa4 41.Rb6 a5 42.e5 Rxb4 43.exf6+ Kd7
44.Ra6 a4 45.Kh4 Rc4 46.Kh5 Re4 47.Ra7+ Ke8 48.h4 Re5+ 49.g5 Re4 50.Kh6 Rxh4+
51.Kg7 Rg4 52.Ra8+ Kd7 53.Kxf7 Rxg5 54.Rxa4  1-0

[Event "TCh-CAT Div Hon 2013"]
[Site "Catalonia ESP"]
[Date "2013.04.06"]
[Round "10.4"]
[White "Jose Abril,R"]
[Black "Jose Queralto,D"]
[Result "1/2-1/2"]
[WhiteElo "2340"]
[BlackElo "2210"]

1.d4 d5 2.Nf3 Nf6 3.c4 dxc4 4.e3 e6 5.Bxc4 c5 6.O-O Nc6 7.Nc3 cxd4 8.exd4 Be7
9.Re1 O-O 10.a3 a6 11.Bb3 b5 12.Qd3 Bb7 13.Bc2 Rc8 14.d5 exd5 15.Bg5 Ne4
16.Nxe4 dxe4 17.Qxe4 f5 18.Qe6+ Kh8 19.Rad1 Qe8 20.Bxf5 Bxg5 21.Qxe8 Rcxe8
22.Nxg5 Rxe1+ 23.Rxe1 h6 24.Nf7+ Kg8 25.Nd6 Nd4 26.Bg6 Bc6 27.Ne4 b4 28.axb4 Rb8
29.h4 Rxb4 30.Rd1 Bxe4 31.Bxe4 Ne2+ 32.Kf1 Rxe4 33.Re1 Rxh4 34.Kxe2 Rb4 35.Rb1 g5
36.Kd3 g4 37.Ke3 a5 38.Rh1 Kg7  1/2-1/2

[Event "23rd ch-SLO 2013"]
[Site "Sentjur SLO"]
[Date "2013.04.06"]
[Round "1.7"]
[White "Jelen,Ig"]
[Black "Kolar,Dr"]
[Result "1-0"]
[WhiteElo "2376"]
[BlackElo "1890"]

1.d4 d5 2.c4 dxc4 3.Nf3 Nf6 4.e3 e6 5.Bxc4 c5 6.O-O Nc6 7.Qe2 cxd4 8.Rd1 Be7
9.exd4 O-O 10.Nc3 a6 11.d5 exd5 12.Nxd5 Nxd5 13.Bxd5 Qc7 14.Bg5 Bxg5 15.Nxg5 h6
16.Nxf7 Bf5 17.Nxh6+ Kh8 18.Nf7+ Rxf7 19.Qh5+ Kg8 20.Qxf5  1-0

[Event "10th Balagne Rapid KO"]
[Site "Calvi FRA"]
[Date "2013.04.14"]
[Round "2.1"]
[White "Fressinet,L"]
[Black "Brethes,F"]
[Result "1-0"]
[WhiteElo "2706"]
[BlackElo "2234"]

1.d4 d5 2.Nf3 e6 3.c4 dxc4 4.e3 c5 5.Bxc4 Nf6 6.O-O a6 7.Nc3 b5 8.Be2 Bb7
9.dxc5 Bxc5 10.Qxd8+ Kxd8 11.Nd2 Nbd7 12.Nb3 Bb6 13.a4 b4 14.a5 bxc3 15.axb6 Nxb6
16.bxc3 Kc7 17.f3 Bd5 18.Na5 Bc6 19.e4 e5 20.Be3 Ne8 21.Bxb6+ Kxb6 22.Nc4+ Kc7
23.Nxe5 a5 24.Nxf7 Rg8 25.Ne5 Nd6 26.Nxc6 Kxc6 27.e5 Nf5 28.Bd3 Ne3 29.Be4+ Kc5
30.Bxa8 Nxf1 31.Rxa5+ Kb6 32.Ra2 Ne3 33.Be4 Rc8 34.Rb2+ Kc5 35.Rb7 Kc4 36.Rxg7 Kxc3
37.e6 Kd2 38.Kf2 Nd1+ 39.Kg3 Ne3 40.e7 Re8 41.Kf4  1-0

[Event "15th Dubai Open 2013"]
[Site "Dubai UAE"]
[Date "2013.04.14"]
[Round "8.2"]
[White "Michalik,P"]
[Black "Istratescu,A"]
[Result "1/2-1/2"]
[WhiteElo "2535"]
[BlackElo "2648"]

1.d4 d5 2.Nf3 Nf6 3.c4 dxc4 4.e3 e6 5.Bxc4 c5 6.O-O a6 7.dxc5 Qxd1 8.Rxd1 Bxc5
9.Be2 Ke7 10.Ne5 Bd7 11.Nd2 Rc8 12.Nb3 Ba4 13.Bd2 Bxb3 14.axb3 Nbd7 15.Bc3 Nb6
16.b4 Bd6 17.Nxf7 Bxb4 18.Bxb4+ Kxf7 19.Bc3 Nbd5 20.Be5 Rc5 21.Bd4 Rc7 22.h4 Rac8
23.Bf3 h6 24.g4 Ne7 25.Kg2 Nfd5 26.Ra3 Nc6 27.Kg3 Nxd4 28.Rxd4 Rc5 29.Rad3 Nf6
30.Rb4 b5 31.Ra3 Rc4 32.Rbb3 Ra4 33.Rxa4 bxa4 34.Rb7+ Kf8 35.Rb6 Ke7 36.g5 hxg5
37.hxg5 Nd7 38.Rxa6 Rc5 39.Rxa4 Rxg5+ 40.Rg4 Rxg4+ 41.Bxg4 g5 42.Be2 Ne5
43.b3 Kd6 44.Bc4 Kd7 45.Kh3 Kd6 46.Kg3 Ke7 47.Ba6 Kd6 48.Bc8 Nd3 49.Ba6 Ne5
50.Kg2 Kc5 51.Bc8 Kd5 52.Kf1 Kd6 53.Ke2 Kd5 54.Kd2 Ng4 55.f3 Ne5 56.Bb7+ Kc5
57.Kc3 g4 58.f4 Ng6 59.b4+ Kb6 60.Bh1 g3 61.Kd4 Kb5 62.Ke4 Nh4 63.Ke5 g2  1/2-1/2

[Event "7th Agzamov Memorial"]
[Site "Tashkent UZB"]
[Date "2013.04.15"]
[Round "2"]
[White "Kurbonboeva,Sarvinoz"]
[Black "Egin,V"]
[Result "1/2-1/2"]
[WhiteElo "2098"]
[BlackElo "2416"]

1.d4 d5 2.c4 dxc4 3.Nf3 Nf6 4.e3 e6 5.Bxc4 c5 6.O-O a6 7.Bb3 cxd4 8.exd4 Nc6
9.Nc3 Be7 10.Re1 O-O 11.Bf4 Na5 12.d5 Nxb3 13.Qxb3 exd5 14.Rad1 Be6 15.Qxb7 Bd6
16.Be5 Bxe5 17.Nxe5 Qc8 18.Qxc8 Rfxc8 19.f3 Rab8 20.Rd2 d4 21.Ne2 Bxa2 22.Nxd4 Re8
23.Kf2 Bd5 24.Nec6 Bxc6 25.Nxc6 Rb6 26.Rxe8+ Nxe8 27.Nd4 Kf8 28.Rc2 Ke7 29.Ke3 Kd7
30.b3 Nd6 31.Kd3  1/2-1/2

[Event "7th Agzamov Memorial"]
[Site "Tashkent UZB"]
[Date "2013.04.17"]
[Round "4"]
[White "Kuderinov,K"]
[Black "Egin,V"]
[Result "1/2-1/2"]
[WhiteElo "2451"]
[BlackElo "2416"]

1.d4 d5 2.Nf3 Nf6 3.c4 dxc4 4.e3 e6 5.Bxc4 c5 6.O-O a6 7.dxc5 Qxd1 8.Rxd1 Bxc5
9.Be2 b6 10.a3 Nbd7 11.b4 Be7 12.Bb2 Bb7 13.Nbd2 O-O 14.Rac1 Rfc8 15.Nc4 Bd5
16.Nfe5 b5 17.Na5 Nxe5 18.Bxe5 Bd8 19.Bd4 Ne8 20.Bc5 Bxa5 21.bxa5 f5 22.Bb4 Bb3
23.Re1 Nf6 24.f3 Bc2 25.h3 Rc6 26.g4 Rac8 27.Kf2 h6 28.Rg1 Kf7 29.gxf5 exf5
30.h4 Bb3 31.Rxc6 Rxc6 32.Bd3 Be6 33.Rd1 g6 34.Bb1 Nd5 35.h5 gxh5 36.Bxf5 Nxe3
37.Bxe6+ Rxe6 38.Rh1 Nd5  1/2-1/2

[Event "48th Capablanca Open I 2013"]
[Site "Havana CUB"]
[Date "2013.04.21"]
[Round "1.15"]
[White "Otero Acosta,D"]
[Black "Estrada Nieto,J"]
[Result "1-0"]
[WhiteElo "2471"]
[BlackElo "2284"]

1.d4 d5 2.Nf3 Nf6 3.e3 c5 4.c4 dxc4 5.Bxc4 e6 6.Nc3 a6 7.a4 Nc6 8.O-O Be7
9.Qe2 cxd4 10.Rd1 e5 11.exd4 exd4 12.Nxd4 Nxd4 13.Qe5 Qd6 14.Qxd4 Qxd4 15.Rxd4 Be6
16.Be2 Bc5 17.Rd1 Bb3 18.Re1 O-O 19.Bf3 Rae8 20.Be3 Bxe3 21.Rxe3 Rxe3 22.fxe3 Rb8
23.a5 Kf8 24.Ra3 Be6 25.Na4 Nd7 26.b4 Ne5 27.Nc5 Nxf3+ 28.gxf3 Ke7 29.Rd3 Bc8
30.Na4 Bd7 31.Nb6 Bc6 32.Kf2 Rd8 33.Rxd8 Kxd8 34.e4 Ke7 35.Ke3 g5 36.Kd4 Ke6
37.Nd5 Ba4 38.f4 gxf4 39.Nxf4+ Kf6 40.h4 Bc6 41.Nh5+ Kg6 42.Ng3 Kf6 43.Nf5 Ke6
44.Nh6 f6 45.Nf5 Ba4 46.Ng3 Bc6 47.Nh5 Bd7 48.Nf4+ Kd6 49.Nd5 Ke6 50.Nf4+ Kd6
51.Nd3 Bb5 52.Nc5 Bc6 53.Ke3 Ke5 54.Nd3+ Kd6 55.Kf4 Bd7 56.Nf2 h5 57.Nd1 Kc6
58.Nc3 Be6 59.Ke3 b6 60.axb6 Kxb6 61.Nd5+ Bxd5 62.exd5 Kc7 63.Kf4 Kd6 64.Ke4 Kd7
65.Kf5 Ke7 66.Kg6 Kd6 67.Kxh5 Kxd5 68.Kg6 Ke5 69.h5 f5 70.h6  1-0

[Event "48th Capablanca Open I 2013"]
[Site "Havana CUB"]
[Date "2013.04.24"]
[Round "4.39"]
[White "Vega,L"]
[Black "Aliaga Fernandez,I"]
[Result "1-0"]
[WhiteElo "2362"]
[BlackElo "2184"]

1.Nf3 d5 2.d4 Nf6 3.c4 dxc4 4.e3 e6 5.Bxc4 c5 6.O-O a6 7.a3 b5 8.Be2 cxd4
9.exd4 Bb7 10.Nc3 Be7 11.Be3 Nbd7 12.Qd2 O-O 13.Rfd1 Nb6 14.Ne5 Rc8 15.Rac1 Nbd5
16.Nxd5 Bxd5 17.Nd3 Qd6 18.Nc5 Qb6 19.b4 Rfd8 20.Bd3 Ne8 21.Bg5 Bxg5 22.Qxg5 Bc6
23.Bb1 Nf6 24.Qh4 Rd6 25.Rc3 h6 26.Rcd3 Rcd8 27.h3 Bd5 28.Qf4 Qc6 29.f3 Bc4
30.R3d2 Nd5 31.Qe4 f5 32.Qe5 Nc3 33.Rc1 Nxb1 34.Rxb1 Qd5 35.Qxd5 Bxd5 36.Kf2 Bc4
37.Rbd1 e5 38.Nb7 Bb3 39.Nxd6 Bxd1 40.dxe5 Bb3 41.f4 Be6 42.Rc2 Ra8 43.Ke3 a5
44.Nxb5 axb4 45.axb4 Rb8 46.Nd4 Bd5 47.b5 Be4 48.Rb2 Rc8 49.b6 Rc3+ 50.Kf2 Rd3
51.Nxf5  1-0

[Event "48th Capablanca Open I 2013"]
[Site "Havana CUB"]
[Date "2013.04.29"]
[Round "8.43"]
[White "Vargas,Ga"]
[Black "Estrada Nieto,J"]
[Result "1/2-1/2"]
[WhiteElo "2056"]
[BlackElo "2284"]

1.d4 d5 2.Nf3 Nf6 3.c4 dxc4 4.e3 e6 5.Bxc4 c5 6.O-O a6 7.dxc5 Bxc5 8.Qxd8+ Kxd8
9.Be2 Nbd7 10.b3 b6 11.Bb2 Bb7 12.Nbd2 Ke7 13.Rfd1 Rhd8 14.Nc4 Bd5 15.Nce5 Nxe5
16.Nxe5 Bb7 17.Rxd8 Rxd8 18.Rd1 Rc8 19.Rc1 Rc7 20.Ba3 Ne8 21.b4 Bd6 22.Rxc7+ Nxc7
23.Nc4 b5 24.Nxd6 Kxd6 25.Bb2 f6 26.Bd3 h6 27.Bd4 e5 28.Bc5+ Ke6 29.e4 Kf7
30.f3 Bc8 31.Bb6 Ne8 32.Kf2 Be6 33.a3 Nd6 34.Bc5 Nb7 35.Be3 Nd6 36.Bc5 Nc4
37.Bxc4 Bxc4 38.Ke3 g5 39.g3 h5  1/2-1/2

[Event "Nakhchivan Open A 2013"]
[Site "Nakhchivan AZE"]
[Date "2013.04.30"]
[Round "8.16"]
[White "Agasiyev,Ka"]
[Black "Rasulov,Vu"]
[Result "1/2-1/2"]
[WhiteElo "2244"]
[BlackElo "2497"]

1.d4 d5 2.Nf3 Nf6 3.c4 dxc4 4.e3 e6 5.Bxc4 c5 6.O-O a6 7.a4 Nc6 8.Qe2 cxd4
9.Rd1 Be7 10.exd4 O-O 11.Nc3 Nb4 12.Ne5 b6 13.Qf3 Nfd5 14.Nxd5 exd5 15.Bb3 Be6
16.Bd2 Rc8 17.Rac1 a5 18.Rxc8 Qxc8 19.Bxb4 Bxb4 20.Bxd5 Qc2 21.Rf1 Qxa4 22.Bxe6 fxe6
23.Qh3 Re8 24.Qd3 Be7 25.b3 Qb4 26.Nc6 Qd6 27.Qb5 Bf8 28.Qxb6 Rc8 29.Rc1 Qa3
30.Rd1 Qd6  1/2-1/2

[Event "Mukachevo Rating 18 2013"]
[Site "Mukachevo UKR"]
[Date "2013.05.05"]
[Round "8.4"]
[White "Shagbazyan,Tar"]
[Black "Tiba,V"]
[Result "1-0"]
[WhiteElo "2372"]
[BlackElo "2239"]

1.d4 d5 2.c4 dxc4 3.e3 Nf6 4.Bxc4 e6 5.Nf3 c5 6.O-O a6 7.b3 b5 8.Be2 Nbd7
9.Bb2 Bb7 10.Nbd2 Be7 11.a4 bxa4 12.Rxa4 O-O 13.Qa1 Qb6 14.Nc4 Qc7 15.Rc1 Bc6
16.Ra5 Qb7 17.dxc5 Rfb8 18.Nd4 e5 19.Nxc6 Qxc6 20.Nxe5 Nxe5 21.Bxe5 Rd8 22.Rxa6 Rxa6
23.Qxa6 Qd5 24.Bd4  1-0

[Event "FSFMA May 2013"]
[Site "Budapest HUN"]
[Date "2013.05.09"]
[Round "6.5"]
[White "Bohus,Adam"]
[Black "Mayer,I"]
[Result "1/2-1/2"]
[WhiteElo "1869"]
[BlackElo "2037"]

1.d4 d5 2.Nf3 Nf6 3.c4 dxc4 4.e3 c5 5.Bxc4 e6 6.O-O Nc6 7.Nc3 cxd4 8.exd4 Be7
9.Bg5 O-O 10.Qd2 a6 11.Rad1 b5 12.Bd3 Bb7 13.Qf4 Nb4 14.Bb1 Nfd5 15.Nxd5 Nxd5
16.Qh4 h6 17.Qe4 Nf6 18.Qxb7 hxg5 19.Ne5 Nd5 20.Be4 Bf6 21.Nd7 Re8 22.Bxd5 exd5
23.Qxd5 Qe7 24.Nxf6+ Qxf6 25.Qb3 Rad8 26.Qd3 Re6 27.Qc3  1/2-1/2

[Event "Victory Day Open 2013"]
[Site "Moscow RUS"]
[Date "2013.05.16"]
[Round "8.2"]
[White "Dvalishvili,P"]
[Black "Dragomarezkij,E"]
[Result "1/2-1/2"]
[WhiteElo "2429"]
[BlackElo "2364"]

1.d4 Nf6 2.Nf3 d5 3.c4 dxc4 4.e3 e6 5.Bxc4 c5 6.O-O cxd4 7.exd4 Be7 8.Nc3 O-O
9.d5 exd5 10.Nxd5 Nxd5 11.Bxd5 Nd7 12.Bf4 Nf6 13.Bb3 Bg4 14.Re1 Bb4  1/2-1/2

[Event "7th IBC Limburg Open"]
[Site "Limburg NED"]
[Date "2013.05.19"]
[Round "4.7"]
[White "Dambacher,M"]
[Black "Klein,Fe"]
[Result "1-0"]
[WhiteElo "2500"]
[BlackElo "2293"]

1.d4 d5 2.c4 e6 3.Nf3 dxc4 4.e3 c5 5.Bxc4 Nf6 6.O-O a6 7.Qe2 Nbd7 8.a4 b6
9.e4 Bb7 10.d5 e5 11.Nc3 Bd6 12.Nh4 O-O 13.Nf5 Ne8 14.g3 Be7 15.Bd3 Nd6 16.Ne3 Re8
17.f4 Bf6 18.f5 Bg5 19.h4 Bh6 20.b3 Qc7 21.Ba3 Bxe3+ 22.Qxe3 Nf6 23.a5 bxa5
24.Qxc5 Rac8 25.Qxc7 Rxc7 26.Rfc1 Rec8 27.Bb2 Rc5 28.Kf1 g6 29.fxg6 hxg6
30.Ke2 a4 31.Rxa4 Nb5 32.Na2 Rxc1 33.Nxc1 Nc3+ 34.Bxc3 Rxc3 35.Kd2 Rc5 36.b4 Rc8
37.Nb3 Nh5 38.Nc5 Rb8 39.g4 Ng3 40.Bxa6 Bxa6 41.Nxa6  1-0

[Event "TCh-SUI 2013"]
[Site "Switzerland SUI"]
[Date "2013.05.26"]
[Round "3.1"]
[White "Bindrich,F"]
[Black "Stojanovic,Mih"]
[Result "1/2-1/2"]
[WhiteElo "2558"]
[BlackElo "2571"]

1.Nf3 d5 2.d4 Nf6 3.c4 dxc4 4.e3 e6 5.Bxc4 c5 6.O-O Nc6 7.Qe2 cxd4 8.Rd1 Be7
9.exd4 O-O 10.Nc3 Na5 11.Bd3 b6 12.Bg5 Bb7 13.Ne5 Rc8 14.Ba6 Nd5 15.Nxd5 Qxd5  1/2-1/2

[Event "e2e4 Sunningdale Open"]
[Site "Ascot ENG"]
[Date "2013.05.27"]
[Round "6"]
[White "Lunn,M"]
[Black "Varnam,L"]
[Result "1/2-1/2"]
[WhiteElo "2004"]
[BlackElo "2118"]

1.d4 d5 2.c4 dxc4 3.Nf3 Nf6 4.e3 e6 5.Bxc4 c5 6.O-O a6 7.Bb3 b5 8.a4 b4 9.e4 Bb7
10.e5 Ne4 11.Nbd2 Nxd2 12.Bxd2 cxd4 13.Bg5 Be7 14.Bxe7 Qxe7 15.Qxd4 O-O 16.Qe3 Nd7
17.Bc2 Rac8 18.Rac1 Nc5 19.Rfd1 Bd5 20.b3 Rc7 21.Ng5 h6 22.Ne4 Nxe4 23.Bxe4 Bxe4
24.Qxe4 Rd8 25.Rxd8+ Qxd8 26.Re1 Qd2 27.g3 Rc1 28.Rxc1 Qxc1+ 29.Kg2 Qc3 30.Qa8+ Kh7
31.Qe4+ g6 32.Qe3 Kg7 33.Kf3 Qc6+  1/2-1/2

[Event "Grand Europe Open Albena"]
[Site "Albena BUL"]
[Date "2013.06.05"]
[Round "5.28"]
[White "Hainke,G"]
[Black "Galinsky,T"]
[Result "0-1"]
[WhiteElo "2310"]
[BlackElo "2439"]

1.d4 d5 2.c4 dxc4 3.Nf3 Nf6 4.e3 e6 5.Bxc4 c5 6.O-O a6 7.Bd3 Nbd7 8.Re1 cxd4
9.exd4 Be7 10.Ne5 Qb6 11.Nc3 O-O 12.Nc4 Qc7 13.Bg5 b5 14.Ne5 Bb7 15.Rc1 Qd8
16.Qd2 Rc8 17.Qe3 b4 18.Qh3 g6 19.Ne2 Rxc1 20.Rxc1 Nxe5 21.dxe5 Nd5 22.Bh6 Re8
23.Bc4 Qb8 24.Qg3 Nb6 25.Bb3 Nd7 26.Bf4 Nc5 27.Bc4 Rd8 28.Qe3 Na4 29.Bb3 Rc8
30.Rxc8+ Qxc8 31.Qc1 Nc5 32.Bc4 Qc6 33.f3 Nd7 34.Bd3 Qxc1+ 35.Nxc1 Bc5+ 36.Kf1 Bd4
37.b3 Bxe5 38.Bxe5 Nxe5 39.Ke2 Kf8 40.Ke3 Ke7 41.Be4 Bd5 42.Bd3 a5 43.Bb5 Kd6
44.h3 g5 45.Ne2 Ng6 46.g3 h5 47.Bd3 Ne5 48.f4 Nxd3 49.Kxd3 f6 50.fxg5 fxg5
51.h4 gxh4 52.gxh4 e5 53.Ng3 Bf7 54.Nf5+ Kc5 55.Ke4 a4 56.Kxe5 Bxb3 57.axb3 axb3  0-1

[Event "Grand Europe Open Albena"]
[Site "Albena BUL"]
[Date "2013.06.05"]
[Round "5.49"]
[White "Zalkind,K"]
[Black "Danov,Radi"]
[Result "0-1"]
[WhiteElo "2211"]
[BlackElo "2010"]

1.d4 d5 2.c4 dxc4 3.e3 e6 4.Bxc4 c5 5.Nf3 Nf6 6.Qe2 cxd4 7.exd4 a6 8.O-O b5
9.Bb3 Bb7 10.Nc3 b4 11.Na4 Nc6 12.d5 Nxd5 13.Bxd5 Qxd5 14.Nb6 Nd4 15.Qe3 Nxf3+
16.gxf3 Qh5 17.Nxa8 Bd6 18.Rd1 Bxf3 19.Qg5 Qxh2+ 20.Kf1 Bxd1 21.Be3 Qh1+
22.Qg1 Qxg1+ 23.Kxg1 Bf3  0-1